<?xml version="1.0" encoding="UTF-8"?>
<marc:record xmlns:marc="http://www.loc.gov/MARC21/slim">
   <marc:leader>00000nam a2200000 a 4500</marc:leader>
   <marc:datafield ind1="1" ind2=" " tag="100">
      <marc:subfield code="a">Dubuc, Marianne</marc:subfield>
      <marc:subfield code="4">aut</marc:subfield>
      <marc:subfield code="e">Verfasser/-in</marc:subfield>
   </marc:datafield>
   <marc:datafield ind1="1" ind2=" " tag="100">
      <marc:subfield code="a">Wimmer, Ingrun</marc:subfield>
      <marc:subfield code="4">trl</marc:subfield>
      <marc:subfield code="e">Übersetzer/-in</marc:subfield>
   </marc:datafield>
   <marc:datafield ind1="0" ind2="0" tag="245">
      <marc:subfield code="a">Die Tiere auf der Arche Noah</marc:subfield>
   </marc:datafield>
   <marc:datafield ind1="0" ind2="0" tag="245">
      <marc:subfield code="c">Marianne Dubuc ; aus dem Französischen von Ingrun Wimmer</marc:subfield>
   </marc:datafield>
   <marc:datafield ind1=" " ind2="1" tag="264">
      <marc:subfield code="a">Hamburg</marc:subfield>
      <marc:subfield code="b">Carlsen</marc:subfield>
      <marc:subfield code="c">2016</marc:subfield>
   </marc:datafield>
   <marc:datafield ind1=" " ind2=" " tag="250">
      <marc:subfield code="a">1. Aufl.</marc:subfield>
   </marc:datafield>
   <marc:datafield ind1="1" ind2=" " tag="520">
      <marc:subfield code="a">Angaben aus der Verlagsmeldung

Die Tiere auf der Arche Noah / von Marianne Dubuc

Haben sich die Tiere auf der Arche eigentlich vertragen? Gab es vielleicht doch mal Streit? Waren sie sehr ängstlich oder hatten sie gar Spaß? Haben sie sich gelangweilt oder haben sie miteinander gespielt? War es ihnen zu eng oder waren sie seekrank? In diesem umfangreichen und zugleich kurzweiligen Buch können Kleine und Große nicht nur den alten Noah und die vielen verschiedenen Tiere entdecken, sondern auch einige lustige und zugleich spannende Ereignisse miterleben und den unterschiedlichen Gefühlen der Tiere auf ihrer abenteuerlichen Rettungsreise nachspüren. Eine abwechslungsreiche, fantasievolle und fantasieanregende Bildergeschichte zum Vor-und-zurück-Blättern für Kindergartenkinder und die ganze Familie.
</marc:subfield>
   </marc:datafield>
   <marc:datafield ind1=" " ind2=" " tag="020">
      <marc:subfield code="a">9783551170606</marc:subfield>
      <marc:subfield code="9">9783551170606</marc:subfield>
   </marc:datafield>
   <marc:datafield ind1=" " ind2=" " tag="020">
      <marc:subfield code="a">3551170606</marc:subfield>
      <marc:subfield code="9">3551170606</marc:subfield>
   </marc:datafield>
</marc:record>
